Quizzes
Events
Quiz Creation
Community
Videos
Private Events
Remove Ads
Sign In
Join for FREE
Feedback
Dark Mode
Quiz Categories
Sports
Geography
Music
Movies
Television
Just For Fun
Miscellaneous
History
Literature
Language
Science
Gaming
Entertainment
Religion
Holiday
For Kids
Quiz Lab
Recent
Popular Today
Quiz Kudos Today
Editor Picks
Curator Picks
Quizzes by...
Day
Popularity
Type
Ratings
Length
Year
Community
Subscriptions
Recent Discussions
Orange Saloon
Badges
Playlists
Quests
Create
Leaderboards
Showdown
Live 5
Trivia Bingo
Activity
Puzzle Library
Sporcle Events
Private Events
Virtual Trivia
Globe League
Become a Host
Pub Owners
SporcleCon
Opinionation
Our Games
Videos
Blog
Mobile Apps
Partnerships
Remove Ads and Go Orange
Feedback
Entertainment
Celebrity
Famous
Musical
Broadway
Show
Quote
Comic Books
Anime
Superhero
DC Comics
Marvel
Cartoons
Animation
Entertainment
Celebrity
Famous
Musical
Broadway
Show
Quote
Comic Books
Anime
Superhero
DC Comics
Marvel
Cartoons
Animation
Random Quiz
Search Sporcle
×
Quiz Lab
Quiz Lab
Entertainment
Movie Quotes
Type in answers that appear in a list
Type in answers that appear in a list
Classic
Best Score? Go Orange.
Movie Quotes 2 Stats
Can you name the Movie Quotes ?
By
AmericanIdiot
20m
20 Questions
111 Plays
111 Plays
111 Plays
Comments
Comments
Give Quiz Kudos
Give Quiz Kudos
-
- Ratings
hide this ad
Replay
Link that replays current quiz
Next Quiz
Link to next quiz in quiz playlist
You Got
0%
They Got
Avg Score
13%
Avg Friend Score
Upgrade to see
Score Distribution
Jump to the score distribution portion of the page
Score
0/20
Timer
20:00
0
Plays Today
Quotes
Movie Title
% Correct
'You can call me Flower if you want to.'
Bambi
41.4%
'I can't go out (cough) I'm sick.'
Mean Girls
38.7%
'Sorry. Hope I didn't dent your 'do.'
Hairspray
35.1%
'We all go a little mad sometimes.'
Psycho
24.3%
'Cole, look at my face. Do I look mad to you?'
The Sixth Sense
21.6%
'And in the end should someone die?'
Moulin Rouge!
18%
'Brown lawns are for poor people. Do you think J. Lo has a brown lawn?'
A Cinderella Story
16.2%
'Oh my God! We hit a boot!'
Scary Movie
15.3%
'Where to, miss?' ... 'To the stars.'
Titanic
15.3%
'Ugh, you are a snob and a half.'
Clueless
13.5%
Quotes
Movie Title
% Correct
'I think you have the job. But let me make sure of something. That is a giant...'
Boogie Nights
8.1%
'We had sex, mommy. And not the regular kind. The really dirty kind.'
Picture Perfect
4.5%
'Peter doesn't have a cat.' (Meow)
While You Were Sleeping
4.5%
'I know that you're angry! I'm angry!'
Milk
3.6%
'I love my child. Why would I want to push my child away from me?'
Away We Go
3.6%
'Tonight is the night of the show, ya'll!'
Waiting For Guffman
1.8%
'A man is a man... is a chicken.'
Girl, Interrupted
1.8%
'The lead singer is extra salty.'
Jennifer's Body
0.9%
'But I have good news. I just got a ticket to the matinee of Hairspray!'
Connie and Carla
0.9%
'Crystal? Crystal?... Oh, Jesus Christ, Jane!'
Smiley Face
0.9%
Quiz Playlist
Details
Report
Send in Message
Add To Playlist
Classic:
Type in answers that appear in a list
Last Updated: Feb 16, 2017
Quiz Scoreboard
CHALLENGE
Sign Up to Join the Scoreboard
Show All
Scores
Hide
Comments
May contain spoilers
Recently Published
Street Fighter Characters
by Artimus82
Gaming
60s
9x9 Crossword: Cartoon Network
by jackfrog10
Miscellaneous
3m
College Basketball Coaching Resumes
by pancakes188
Sports
9m
More to Explore
Quiz From the Vault
Featured Blog Post
Where Did the Easter Bunny Come From?
hide this ad
You Might Also Like...
Tags
Movie Quotes Quiz
Quote Quiz
Today's Top Quizzes in Entertainment
Browse Entertainment
hide this ad
Today's Top Quizzes in Movie Quotes
Browse Movie Quotes
Top Contributed Quizzes in Entertainment
1
7-to-1: DC Comics Villains
2
Marvel Characters Bunker
3
Eurovision 2023 Logic Puzzle
4
Dragon Ball Z: Goku's Fights in Order
5
Sorting Pictures: Villains
6
Criteria Quickie: Cartoon Taxonomy II
7
7-to-1: One Piece
8
Mini Trivia Sudoku: Musicals
9
Fictional Villains Letter U Blitz
10
Kamen Rider Motifs
Explore More
Trending Topics
Anime
Harry Potter
Kpop
NBA
Disney
Marvel
Crossword
WWE
Puzzle
The Office
Song
Pokémon
Country
Soccer
NFL
hide this ad
More By:
AmericanIdiot
Quiz
Plays
Rating
Category
Featured
Created
Name The Musical
246
3.67
Entertainment
May 21, 2010
Musical Song Lyrics
128
3.00
Entertainment
May 21, 2010
Movie Quotes 2
111
2.00
Entertainment
May 21, 2010
Movie Quotes
46
4.00
Entertainment
May 21, 2010
Go to Creator's Profile
Score Distribution
Quiz Creator Spotlight
AmericanIdiot
Follow
Send a Message
Quizzes Created
-
Created Quiz Play Count
-
More By This Creator
Popular Quizzes Today
1
Find the US States - No Outlines Minefield
2
Find the Countries of Europe - No Outlines Minefield
3
The Countries of the World
4
Find the US States
5
Risky Map Clicking: Biggest States A-Z
6
US States
7
Popular People in 1961
8
Movies - When Are They Set?
More Entertainment Quizzes
Superhero Silhouettes II
Published
Trending Quizzes
Risky Map Clicking: Least Populous States A-Z
1-10 Letter G Words
Risky Map Clicking: Next State Alphabetically
Adjectives in 80s TV Shows
The Seven Year Switch: Catherine
Recently Updated
Leaping Animals
pecheneg
Reality TV Shows (A-Z)
bhenderson79
Rickey Henderson's Hall of Fame Teammates
pecheneg
Champions League XIs: Arsenal
pecheneg
Quick Pick: Celebrities in WWE's Hall of Fame
aduchscher
A-Z Keypad Blitz II
pecheneg
Multiple Oscar Actors
pecheneg
Mystery Phrase Blitz: Oscar 'Best Actors'
pecheneg
F. Scott Fitzgerald Novels
LTH
Pick 3 Villains
ddd62291
Trending Topics
NBA
Marvel
Kpop
Harry Potter
Anime
Crossword
Disney
NFL
The Office
Soccer
Puzzle
Country
Song
Pokémon
WWE
Your Account Isn't Verified!
In order to create a playlist on Sporcle, you need to verify the email address you used during registration. Go to your
Sporcle Settings
to finish the process.
Report this User
Report this user for behavior that violates our
Community Guidelines
.
Details:
Send Report
Go to the Sporcle.com Mobile Site →
Comments